000 01266cad a22002175a 4500
001 L150698
008 100819s2010 xxk f 000 0 eng d
035 _a(Sirsi) u150698
041 0 _aeng
050 0 4 _a306.1 $2 18
110 2 _aNational Housing Federation
_9695
245 0 0 _aReport of the Mobility Taskforce
_h[electronic resource]
260 _a[S.l]
_bNHF
_c2010
505 2 _aIntroduction -- Background -- Expanding number of moves through mutual exchange schemes -- Increasing number of transfers and avoiding storing up problems
520 _aMobility Taskforce set up by the National Housing Federation to ease the transfer of social tenants living in properties managed by local authorities, arms length management organisations (ALMOs) co-ops and housing associations wishing to move. Notes current methods such as mutual exchanges (swaps) and transfers through existing housing stock whilst highlighting the shortage of new affordable housing.
590 _aKA NTK
651 4 _aENGLAND AND WALES
690 _aResidential property
_96266
856 4 0 _uhttps://www.housing.org.uk/Uploads/File/Policy%20briefings/Neighbourhoods/Mobility%20Taskforce%20report%20August2010.pdf
_zView this item free of charge at www.housing.org
942 _n0
_2ddc
999 _c110948
_d110948